000
00302nam a2200097Ia 4500
008
220204s9999 xx 000 0 und d
082
_a
631:50-051
_b
SAA
245
0
_a
Agricultural scientists and technologists of SAARC countries
260
_a
Bagladesh
_b
Agricultural Information Centre
_c
1993
942
_c
BK
999
_c
43665
_d
43665